[Event "Let's Play Chess!"]
[Site "http://www.queenalice.com/game.php?id=1347147"]
[Date "2015.3.12"]
[Round "-"]
[White "robert3213"]
[Black "Knighthawk"]
[Result "1-0"]
[WhiteElo "2079"]
[BlackElo "1642"]

1. d4 d5 2. Bf4 Nc6 3. e3 a6 4. Nf3 h6 5. h3 Nf6 6. Bd3 e6 7. c3 Bd6 8. Bxd6
Qxd6 9. Nbd2 O-O 10. O-O b5 11. a3 Ne7 12. Ne5 c5 13. Re1 c4 14. Bc2 Bb7 15. Rc1
Ng6 16. Nxg6 fxg6 17. Bxg6 Bc8 18. e4 Bd7 19. e5 Qe7 20. exf6 Qxf6 21. Bh5 Ra7
22. Qe2 a5 23. Bg4 Bc8 24. Bxe6+ Bxe6 25. Qxe6+ Kh8 26. Qxf6 Rxf6 27. Re8+ Kh7
28. Rd8 Raf7 29. Nf3 g5 30. Rxd5 Kg6 31. Ne5+ 1-0

[Event "Challenge"]
[Site "http://www.queenalice.com/game.php?id=1347337"]
[Date "2015.3.14"]
[Round "-"]
[White "tucuman"]
[Black "robert3213"]
[Result "0-1"]
[WhiteElo "1526"]
[BlackElo "2082"]

1. b3 d5 2. d3 Nf6 3. Bb2 e6 4. e3 Be7 5. h3 Nbd7 6. g3 c5 7. Bg2 b6 8. Nd2 Bb7
9. Ngf3 Rb8 10. O-O O-O 11. Qe2 Ne8 12. Nh2 Bf6 13. d4 Nc7 14. Ng4 Be7 15. c3
Nf6 16. Nxf6+ Bxf6 17. dxc5 bxc5 18. Nf3 Ba6 19. Qd1 Bxf1 20. Qxf1 Qc8 21. Qe1
Rd8 22. Qc1 Ne8 23. Kh1 Nd6 24. Nh2 a5 25. Ng4 Be7 26. Kh2 Rb5 27. Ne5 c4 28.
Qc2 Ne8 29. Qd1 Nd6 30. Bc1 Bf6 31. a4 Rxb3 32. Qd4 Qb7 33. Ba3 Qc7 34. Bxd6
Qxd6 35. f4 Bxe5 36. fxe5 Qc7 37. h4 Rdb8 38. h5 Rb2 39. Kh3 h6 40. Qf4 Rc2 41.
Qd4 Rbb2 42. Rg1 Ra2 43. g4 Rxa4 44. e4 dxe4 45. Bxe4 Rb2 46. Bf3 Raa2 47. Bg2
Re2 48. Be4 Rad2 49. Bd3 Rxd3+ 50. Qxd3 cxd3 0-1

[Event "Challenge"]
[Site "http://www.queenalice.com/game.php?id=1347816"]
[Date "2015.3.16"]
[Round "-"]
[White "glaubergouveia"]
[Black "robert3213"]
[Result "0-1"]
[WhiteElo "1468"]
[BlackElo "2079"]

1. e4 c6 2. b4 d5 3. e5 Bf5 4. d3 e6 5. Be2 Bxb4+ 6. c3 Ba5 7. Bd2 Nd7 8. Qa4
Bb6 9. g4 Bg6 10. h4 h6 11. h5 Bh7 12. d4 Ne7 13. Nf3 Be4 14. Na3 Bc7 15. Bf4 a6
16. Nc2 b5 17. Qb4 a5 18. Qb3 Nb6 19. Rg1 Nc4 20. Nd2 Nxd2 21. Kxd2 Kd7 22. f3
Bh7 23. a4 bxa4 24. Rxa4 Qb8 25. Qa2 Ra7 26. Nb4 Rb7 27. Na6 Rb2+ 28. Ke3 Rxa2
29. Nxb8+ Bxb8 30. Rxa2 Bc7 31. Rb1 Bxb1 32. Ra4 Rb8 0-1

[Event "Challenge"]
[Site "http://www.queenalice.com/game.php?id=1347824"]
[Date "2015.3.16"]
[Round "-"]
[White "robert3213"]
[Black "fflores"]
[Result "1-0"]
[WhiteElo "2079"]
[BlackElo "1708"]

1. d4 d5 2. Bf4 Nc6 3. e3 Nf6 4. h3 e6 5. Nf3 Bd6 6. Bxd6 Qxd6 7. c3 O-O 8. Bd3
g6 9. Nbd2 b6 10. O-O a5 11. e4 dxe4 12. Nxe4 Nxe4 13. Bxe4 f5 14. Bc2 Bb7 15.
Re1 Qd5 16. Qe2 Nd8 17. Bb3 Qe4 18. Qxe4 Bxe4 19. Ne5 Kg7 20. f3 a4 21. Bc4 Bd5
22. Bxd5 exd5 23. f4 Re8 24. Kf2 b5 25. Nf3 Ne6 26. g3 Re7 27. Re2 Rae8 28. Rae1
Kf8 29. Ne5 c5 30. Nc6 Nxf4 31. gxf4 Rxe2+ 32. Rxe2 Rc8 33. Ne5 c4 34. Nd7+ Kf7
35. Re5 Rd8 36. Nb6 Rd6 37. Nxd5 h5 38. Ke3 h4 39. Nc7 Rb6 40. Rxb5 1-0

[Event "Challenge"]
[Site "http://www.queenalice.com/game.php?id=1351795"]
[Date "2015.4.4"]
[Round "-"]
[White "robert3213"]
[Black "matto64"]
[Result "1-0"]
[WhiteElo "2105"]
[BlackElo "2059"]

1. d4 d5 2. Bf4 Bf5 3. e3 c6 4. Nf3 Nf6 5. c4 dxc4 6. Bxc4 e6 7. Nc3 Bd6 8. Qb3
b5 9. Bxd6 Qxd6 10. Be2 Nbd7 11. Nh4 Bg6 12. Nxg6 hxg6 13. h3 a6 14. Bf3 Rc8 15.
O-O c5 16. dxc5 Rxc5 17. Rfd1 Qc7 18. Rd4 Ne5 19. Be2 O-O 20. Rad1 Rc6 21. a3
Ned7 22. R1d2 Nc5 23. Qd1 Na4 24. Na2 Nc5 25. g3 Qc8 26. Bf3 Rc7 27. Kg2 Re8 28.
Rd8 1-0

[Event "Challenge"]
[Site "http://www.queenalice.com/game.php?id=1354390"]
[Date "2015.4.19"]
[Round "-"]
[White "theblackfox"]
[Black "robert3213"]
[Result "0-1"]
[WhiteElo "2122"]
[BlackElo "2191"]

1. e4 c6 2. d4 d5 3. e5 Bf5 4. Nf3 e6 5. Nc3 Nd7 6. Bg5 Be7 7. h4 h6 8. Be3 a6
9. h5 c5 10. dxc5 Bxc5 11. Bxc5 Nxc5 12. a4 Ne7 0-1

[Event "Challenge"]
[Site "http://www.queenalice.com/game.php?id=1354391"]
[Date "2015.4.19"]
[Round "-"]
[White "robert3213"]
[Black "theblackfox"]
[Result "1-0"]
[WhiteElo "2205"]
[BlackElo "2122"]

1. d4 d5 2. Bf4 Nf6 3. e3 Nc6 4. Nf3 g6 5. h3 Bg7 6. Nbd2 O-O 7. c3 Bf5 8. Be2
a5 9. a4 e6 10. O-O Re8 11. Qb3 b6 12. Bb5 1-0

[Event "Let's Play Chess!"]
[Site "http://www.queenalice.com/game.php?id=1358926"]
[Date "2015.5.11"]
[Round "-"]
[White "myouga"]
[Black "robert3213"]
[Result "0-1"]
[WhiteElo "1598"]
[BlackElo "2198"]

1. e3 d5 2. d4 Nf6 3. c3 Bf5 4. Nd2 e6 5. b4 c6 6. h3 Bd6 7. Be2 Nbd7 8. Nb3 O-O
9. Na5 Qc7 10. a4 e5 11. dxe5 Nxe5 12. Nf3 Nxf3+ 13. Bxf3 Ne4 14. Bxe4 Bxe4 15.
f3 Bg3+ 16. Ke2 Bg6 17. Qd4 Bd6 18. Bb2 Be5 19. Qd2 Rad8 20. f4 Bf6 21. g4 h6
22. Rac1 Be4 23. Rhg1 Rd7 24. Nb3 b6 25. a5 Qb7 26. axb6 axb6 27. c4 dxc4 28.
Nd4 c5 29. bxc5 bxc5 30. Rxc4 cxd4 31. Bxd4 Bxd4 32. Rxd4 Rxd4 33. Qxd4 Re8 34.
Re1 Qc6 35. Kf2 Qe6 36. Qa4 Bc6 37. Qa6 Qe4 38. Qf1 Qf3+ 39. Kg1 Qh1+ 40. Kf2
Qh2+ 41. Qg2 Qxg2# 0-1

[Event "Let's Play Chess!"]
[Site "http://www.queenalice.com/game.php?id=1359353"]
[Date "2015.5.14"]
[Round "-"]
[White "dnptrs"]
[Black "robert3213"]
[Result "1-0"]
[WhiteElo "2283"]
[BlackElo "2206"]

1. d4 d5 2. Nf3 Nf6 3. c4 e6 4. e3 Be7 5. Nc3 a6 6. Qb3 c6 7. cxd5 exd5 8. Be2
Nbd7 9. O-O O-O 10. Bd1 Re8 11. Ne5 Nxe5 12. dxe5 Nd7 13. f4 Nf8 14. Bd2 Rb8 15.
a4 a5 16. Ne2 Ne6 17. Bc2 Nc5 18. Qc3 Ne4 19. Bxe4 dxe4 20. Qxa5 Qxa5 21. Bxa5
Bc5 22. Kf2 Be6 23. Bc3 Bd5 24. b4 Bf8 25. Rfb1 g6 26. Bd4 Bc4 27. Rb2 Bd3 28.
Nc1 Bc4 29. Nb3 Bd5 30. Nc5 Red8 31. b5 cxb5 32. axb5 Ra8 33. Rxa8 Rxa8 34. Nd7
Be7 35. Nb6 Rd8 36. Nxd5 Rxd5 37. b6 Bd8 38. Rc2 Kf8 39. Rc7 Rb5 40. Kg3 Ke8 41.
Rxb7 1-0

[Event "Let's Play Chess!"]
[Site "http://www.queenalice.com/game.php?id=1359355"]
[Date "2015.5.14"]
[Round "-"]
[White "robert3213"]
[Black "dnptrs"]
[Result "0-1"]
[WhiteElo "2207"]
[BlackElo "2272"]

1. d4 Nf6 2. Bf4 d5 3. e3 e6 4. h3 c5 5. c3 Nc6 6. Nd2 cxd4 7. exd4 Bd6 8. Bxd6
Qxd6 9. Ngf3 O-O 10. Bd3 Ne8 11. O-O f6 12. Re1 e5 13. dxe5 fxe5 14. Nh2 Bd7 15.
f3 Qc5+ 16. Kh1 Nf6 17. Rc1 Rae8 18. Nhf1 Qb6 19. Qb3 Qc7 20. Ne3 Be6 21. Qd1
Nh5 22. Nef1 Qd7 23. Bb1 Rf6 24. Qa4 Bxh3 25. gxh3 Qxh3+ 26. Kg1 Ree6 27. Re2
Rg6+ 28. Kf2 Nf4 29. Re3 Qh4+ 0-1

[Event "AUTO-MASTER-2296"]
[Site "http://www.queenalice.com/game.php?id=1359618"]
[Date "2015.5.15"]
[Round "1"]
[White "Artking"]
[Black "robert3213"]
[Result "0-1"]
[WhiteElo "2087"]
[BlackElo "2192"]

1. e4 c6 2. d4 d5 3. Nc3 dxe4 4. Nxe4 Bf5 5. Ng3 Bg6 6. h4 h6 7. Bc4 e6 8. h5
Bh7 9. Nf3 Nd7 10. Qe2 Ngf6 11. Ne5 Nd5 12. a3 Nxe5 13. dxe5 Bc5 14. Ne4 Bxe4
15. Qxe4 O-O 16. Bd3 f5 17. exf6 Qxf6 18. Qh7+ Kf7 19. Rh3 Qxf2+ 20. Kd1 Qg1+
0-1

[Event "AUTO-MASTER-2296"]
[Site "http://www.queenalice.com/game.php?id=1359619"]
[Date "2015.5.15"]
[Round "1"]
[White "robert3213"]
[Black "Artking"]
[Result "1-0"]
[WhiteElo "2191"]
[BlackElo "2107"]

1. d4 Nf6 2. Bf4 d6 3. e3 g6 4. h3 Bg7 5. Nf3 Nbd7 6. Be2 c6 7. O-O O-O 8. c4
Qe8 9. Nc3 e5 10. Bh2 a6 11. a4 e4 12. Nd2 Qe7 13. Qc2 d5 14. a5 Rd8 15. Qd1 Nf8
16. cxd5 cxd5 17. Qb3 Be6 18. Na4 Rac8 19. Nb6 Rc6 20. Rfc1 N8d7 21. Rxc6 bxc6
22. Nxd7 Qxd7 23. Bxa6 Ne8 24. Bf1 Qc7 25. Bxc7 Nxc7 26. a6 1-0

[Event "AUTO-MASTER-2296"]
[Site "http://www.queenalice.com/game.php?id=1359634"]
[Date "2015.5.15"]
[Round "1"]
[White "jacconsultoria"]
[Black "robert3213"]
[Result "0-1"]
[WhiteElo "2263"]
[BlackElo "2162"]

1. c4 c6 2. d4 d5 3. Nf3 Nf6 4. Nc3 e6 5. Bg5 Be7 6. e3 Nbd7 7. Bd3 O-O 8. O-O
dxc4 9. Bxc4 Nd5 10. Bxe7 Qxe7 11. Rc1 Nxc3 12. Rxc3 e5 0-1

[Event "AUTO-MASTER-2296"]
[Site "http://www.queenalice.com/game.php?id=1359635"]
[Date "2015.5.15"]
[Round "1"]
[White "robert3213"]
[Black "jacconsultoria"]
[Result "1-0"]
[WhiteElo "2129"]
[BlackElo "2263"]

1. d4 Nf6 2. Bf4 g6 3. e3 Bg7 4. h3 O-O 5. Nf3 d6 6. Nbd2 Nbd7 7. Be2 b6 8. c3
Bb7 9. O-O c5 10. a4 Nd5 11. Bg3 Re8 12. Qb3 Nc7 13. Rfd1 1-0

[Event "AUTO-MASTER-2296"]
[Site "http://www.queenalice.com/game.php?id=1359644"]
[Date "2015.5.15"]
[Round "1"]
[White "areis"]
[Black "robert3213"]
[Result "1/2-1/2"]
[WhiteElo "1914"]
[BlackElo "2219"]

1. e4 c6 2. d4 d5 3. exd5 cxd5 4. Nf3 Nf6 5. Bf4 Nc6 6. Bd3 g6 7. c3 Bg7 8. Qd2
Qb6 9. O-O Bg4 10. Ne5 Be6 11. Re1 O-O 12. Nxc6 bxc6 13. b3 c5 14. Be3 Nd7 15.
dxc5 Nxc5 16. b4 d4 17. cxd4 Nxd3 18. Qxd3 Qxb4 19. Nd2 Rac8 1/2-1/2

[Event "AUTO-MASTER-2296"]
[Site "http://www.queenalice.com/game.php?id=1359645"]
[Date "2015.5.15"]
[Round "1"]
[White "robert3213"]
[Black "areis"]
[Result "1/2-1/2"]
[WhiteElo "2206"]
[BlackElo "1926"]

1. d4 Nf6 2. Bf4 d5 3. e3 e6 4. h3 Be7 5. Nf3 O-O 6. Nbd2 c5 7. c3 Nc6 8. Bd3 b6
9. O-O Bb7 10. Qe2 h6 11. Bg3 a6 12. Bf4 b5 13. dxc5 Bxc5 14. a4 b4 15. c4 a5
16. Rac1 Bd6 17. Bxd6 Qxd6 18. cxd5 Nxd5 19. Nb3 Ne5 20. Nxe5 1/2-1/2

[Event "Let's Play Chess!"]
[Site "http://www.queenalice.com/game.php?id=1373794"]
[Date "2015.7.27"]
[Round "-"]
[White "pafolius"]
[Black "robert3213"]
[Result "1-0"]
[WhiteElo "1611"]
[BlackElo "2182"]

1. e4 c6 2. d4 d5 3. e5 Bf5 4. Bd3 Bxd3 5. Qxd3 e6 6. Be3 Nd7 7. Nd2 a6 8. Ngf3
Qc7 9. O-O c5 10. c4 cxd4 11. Bxd4 Ne7 12. Rac1 Nc6 13. cxd5 exd5 14. Rfe1 O-O-O
15. Ng5 Rg8 16. Nxf7 Re8 17. e6 Nf6 18. Be5 Qb6 19. Qf5 Be7 20. Re3 Qb4 21. Rb3
Qxd2 22. Rxc6+ bxc6 23. Rb8# 1-0

[Event "Let's Play Chess!"]
[Site "http://www.queenalice.com/game.php?id=1373818"]
[Date "2015.7.28"]
[Round "-"]
[White "robert3213"]
[Black "rogeriooliveira"]
[Result "0-1"]
[WhiteElo "2182"]
[BlackElo "1297"]

1. d4 d5 2. Bf4 e6 3. e3 Nc6 4. Nf3 Bd6 5. Bxd6 cxd6 6. Be2 Nf6 7. O-O Bd7 8. c3
O-O 9. Nbd2 Ng4 10. h3 Nf6 11. Rc1 Qc7 12. a3 Kh8 0-1

[Event "Let's Play Chess!"]
[Site "http://www.queenalice.com/game.php?id=1374089"]
[Date "2015.7.29"]
[Round "-"]
[White "josebaron"]
[Black "robert3213"]
[Result "1-0"]
[WhiteElo "2048"]
[BlackElo "2199"]

1. e4 c6 2. d4 d5 3. exd5 cxd5 4. c4 e6 5. Nf3 Nf6 6. c5 Nc6 7. Nc3 a6 8. Be2
Be7 9. O-O O-O 10. a4 Qc7 11. h3 Bd7 12. Bg5 Ne8 13. Bxe7 Nxe7 14. Bd3 Nf6 15.
Ne2 Nc6 16. Qb1 h6 17. b4 e5 18. dxe5 Nxe5 19. Nxe5 Be6 20. f4 Rad8 21. Nd4 Bc8
22. a5 Rfe8 23. Bf5 Bxf5 24. Qxf5 1-0